000 00454nam a22001697a 4500
003 OSt
005 20120302144422.0
008 090319t xxu||||| |||| 00| 0 eng d
035 _a१३२१
040 _cमराठी
100 _aनांगरे , बलराम
_92111
245 _aअपंगा
250 _a१ ली
260 _aपुणे
_bअमय
_c१९६५
300 _b१६७ पाने
942 _2ddc
_cBOOK
999 _c487288
_d487285